सागर की खनिज संपदा / (Record no. 52279)

MARC details
000 -LEADER
fixed length control field 01468nam a22002897a 4500
005 - DATE AND TIME OF LATEST TRANSACTION
control field 20110426154449.0
008 - FIXED-LENGTH DATA ELEMENTS--GENERAL INFORMATION
fixed length control field 090408t xxu||||| |||| 00| 0 hin d
010 ## - LCCN (DPL NO)
LC control number HIN-92656
020 ## - INTERNATIONAL STANDARD BOOK NUMBER
International Standard Book Number 9788173292422
Terms of availability 300.00
035 ## - SYSTEM CONTROL NUMBER
System control number HN-65002
037 ## - SOURCE OF ACQUISITION
Source of stock number/acquisition DBAD / PUB
040 ## - CATALOGING SOURCE
Original cataloging agency DPL
Language of cataloging HN
082 ## - DEWEY DECIMAL CLASSIFICATION NUMBER
Classification number 622.295
100 ## - MAIN ENTRY--PERSONAL NAME
Personal name रूनवाल, जी.एस.
9 (RLIN) 27482
245 ## - TITLE STATEMENT
Title सागर की खनिज संपदा /
Statement of responsibility, etc जी.एस.रूनवाल एवं श्याम सुन्दर शर्मा
246 ## - VARYING FORM OF TITLE
Title proper/short title Sagar ki Khanij Sampada
Remainder of title G.S.Roonwal
260 ## - PUBLICATION, DISTRIBUTION, ETC. (IMPRINT)
Place of publication, distribution, etc दिल्ली
Name of publisher, distributor, etc शिलालेख
Date of publication, distribution, etc 2011
270 ## - ADDRESS
Address 4/32, सुभाष गली,विश्वास नगर, शाहदरा
City दिल्ली
Postal code 110032
300 ## - PHYSICAL DESCRIPTION
Extent 206पृ
Dimensions 22 सेमी (सजिल्द)
500 ## - GENERAL NOTE
General note भारत सरकार द्वारा पुरस्कृत
650 ## - SUBJECT ADDED ENTRY--TOPICAL TERM
9 (RLIN) 1169
650 ## - SUBJECT ADDED ENTRY--TOPICAL TERM
9 (RLIN) 1170
700 ## - ADDED ENTRY--PERSONAL NAME
9 (RLIN) 27483
Personal name शर्मा, श्याम सुन्दर
942 ## - ADDED ENTRY ELEMENTS (KOHA)
Institution code [OBSOLETE] dpl
Item type Hindi Books
Source of classification or shelving scheme Dewey Decimal Classification
Classification part 622.295
Call number suffix रूनवा
Holdings
Withdrawn status Lost status Source of classification or shelving scheme Damaged status Not for loan Collection code Home library Current library Date acquired Source of acquisition Cost, normal purchase price Total Checkouts Full call number Barcode Date last seen Copy number Cost, replacement price Koha item type
    Dewey Decimal Classification   Not For Loan Non-fiction D.B.Act.Division D.B.Act.Division 10/05/2011 DBAD / PUB 300.00   622.295 रूनवा HN-65002 10/05/2011 1 300.00 Hindi Books

© Delhi Public Library
Hit Counter
free hit counter